| 000 | 00610nam a22002057 4500 | ||
|---|---|---|---|
| 001 | 58011 | ||
| 005 | 20250814152650.0 | ||
| 008 | 241128r |||a|||gr|||| 00| 0 spa d | ||
| 020 | _a9788417002282 | ||
| 040 |
_aCO-BoRNBP _bspa _erda _cCO-BoRNBP |
||
| 100 | 1 |
_aPérez Marcos, Óscar _962226 |
|
| 245 | 1 | 3 | _aUn camino hacia el alma |
| 250 | _aprimera edición | ||
| 264 | 1 |
_aBarcelona, España _bPlataforma Editorial _c2017 |
|
| 300 |
_a175 páginas _bFotografías _c22 cm. |
||
| 336 |
_atexto _btxt _2rdacontenido |
||
| 337 |
_asin mediación _bn _2rdamedio |
||
| 338 |
_avolumen _bnc _2rdasoporte |
||
| 942 | _cBK | ||
| 999 |
_c58011 _d58011 |
||